| 000 | 00469nam a22001697a 4500 | ||
|---|---|---|---|
| 005 | 20251108164840.0 | ||
| 008 | 250721s1984 xx 000 0 ara d | ||
| 082 | 1 | 4 | _a814/أني |
| 100 | 1 | _aمنصور، أنيس | |
| 245 | 1 | 0 | _aكرسي على الشمال / |
| 264 | 1 |
_aالقاهرة : _bدار الشروق، _c1984. |
|
| 300 | _a399ص | ||
| 650 | 1 | 7 | _aالمقالات العربية |
| 650 | 1 | 7 | _aالأدب العربي |
| 942 |
_2ddc _cBK |
||
| 999 |
_c15803 _d15803 |
||